| 000 | 00614nam a22002057a 4500 | ||
|---|---|---|---|
| 005 | 20240624125728.0 | ||
| 010 | _aENG-140675 | ||
| 020 |
_a9789355433428 _c299.00 |
||
| 035 | _aEN-124207 | ||
| 037 | _bDBAD | ||
| 082 |
_a158.1 _21 |
||
| 100 |
_aRisi, Vivian _967642 |
||
| 245 |
_a24 Hours is all it takes/ _cVivian Risi |
||
| 250 | _a1 | ||
| 260 |
_aUttar Pradesh _bManjul Publishing House _c2023 |
||
| 270 |
_aC-16, Sector Noida, _bUttar Pradesh _mwww.manjulindia.com |
||
| 300 |
_a193p. _c22cm(pbk) _bContents |
||
| 700 |
_960332 _aJayapriya, S. _eEditor |
||
| 942 |
_2ddc _cEN _h158.1 _mRIS _e1 |
||
| 999 |
_c200017 _d200017 |
||